01007nam a2200277 a 4500001001200000003000800012006001900020007001500039008004100054020001500095040002100110035002100131050002300152100002000175245006000195260005400255300001800309440002000327533015200347650002300499650001800522655002900540710001700569856012600586999001700712ebr10018390CaPaEBRm u cr cn|||||||||030212s2002 enka s 000 0 eng d z1841508365 aCaPaEBRcCaPaEBR a(OCoLC)61467813314aGV775b.J87 2002eb1 aJupp, Edmund W.10aBoat watchingh[electronic resource] /cEdmund W. Jupp. aBristol, UK ;aPortland, OR :bIntellect,cc2002. a94 p. :bill. 0aWatching series aElectronic reproduction.bPalo Alto, Calif. :cebrary,d2005.nAvailable via World Wide Web.nAccess may be limited to ebrary affiliated libraries. 0aBoats and boating. 0aBoatbuilding. 7aElectronic books.2local2 aebrary, Inc.40uhttp://site.ebrary.com/lib/rucke/Doc?id=10018390zAn electronic book accessible through the World Wide Web; click to view c29466d29466